| 000 | 00899pab a2200157 454500 | ||
|---|---|---|---|
| 008 | 180718b2000 xxu||||| |||| 00| 0 eng d | ||
| 100 | _aMauws, Michael K. | ||
| 245 | _aBut is it art? decision making and discursive resources in the field of cultural production | ||
| 260 | _c2000 | ||
| 300 | _ap.229-44 | ||
| 362 | _aJun | ||
| 520 | _aThis article illustrates the potential contribution of discourse analysis to the field of judgement and decision making through an empirical investigation of the adjudication of musical submissions made to a government program aimed at funding musical development. The results indicate that the process of decision making is a fundamentally social activity and that its outcomes depend on the broader discursive formation in which it takes place. - Reproduced | ||
| 650 | _aDecision making | ||
| 773 | _aJournal of Applied Behavioral Science | ||
| 909 | _a45745 | ||
| 999 |
_c45745 _d45745 |
||